| 000 | 02076nam0a2200385 i 4500 | ||
|---|---|---|---|
| 001 | RU\NLR\BIBL_A\010362197 | ||
| 005 | 20240921173656.0 | ||
| 010 |
_a9785892314473 _9500 |
||
| 021 |
_aRU _b2014-21434 _91331 |
||
| 035 | _a(NILC)RuMoRGB-006770468 | ||
| 035 | _a(NLR Aleph) 010362197 | ||
| 090 |
_a9581016 _c9581016 |
||
| 100 | _a20140529d2013 k y0rusy50 ca | ||
| 101 | 0 | _arus | |
| 102 | _aRU | ||
| 105 | _ay|||z|||001yy | ||
| 200 | 1 |
_aКонституционно-правовое обеспечение прав человека на неприкосновенность частной жизни в Российской Федерации _eмонография _fС.П. Жданов, И.Ю. Залысин, И.Б. Качурина, П.В. Несмелов [и др.] _gМ-во сел. хоз-ва Рос. Федерации, Федер. гос. бюджет. образоват. учреждение высш. проф. образования Моск. гос. ун-т природообустройства |
|
| 210 |
_aМосква _cРедакционно-издательский отдел МГУП _d2013 |
||
| 215 |
_a171 с. _d21 |
||
| 320 | _aБиблиогр.: с. 163-171 (100 назв.) и в подстроч. примеч. | ||
| 606 | 1 |
_aНеприкосновенность частной жизни _xПравовые вопросы _yРоссийская Федерация _92126078 _3RU\NLR\auth\661283295 |
|
| 610 | 0 | _aнеприкосновенность личной жизни | |
| 675 | _a342.4(470) | ||
| 686 | 1 | _aХ620.323.3 | |
| 701 | 1 |
_aЖданов _bС. П. _gСергей Павлович |
|
| 701 | 1 |
_aЗалысин _bИ.Ю. _gИгорь Юрьевич |
|
| 701 | 1 |
_aКачурина _bИ.Б. _gИрина Борисовна |
|
| 701 | 1 |
_aНесмелов _bП.В. _gПавел Вячеславович |
|
| 801 | 0 |
_aRU _bRuMoRKP _c20140324 _gRCR |
|
| 801 | 2 |
_aRU _bРГБ _c20140416 _grcr |
|
| 801 | 1 |
_aRU _bRuMoRKP _c20140324 _2rusmarc |
|
| 942 | _cBOOK | ||
| 980 | _aNBR | ||